| 000 | 01062nam a2200289 4500 | ||
|---|---|---|---|
| 001 | 177264 | ||
| 003 | ES-MaACL | ||
| 005 | 20250630001412.0 | ||
| 008 | 110310s1986 sp aco |||| |dspa d | ||
| 017 | _aBA 396-1986 | ||
| 020 | _a8450541182 | ||
| 080 | _a821.134.2-14.09"19" | ||
| 100 | 1 |
_aGarcía Martín, José Luis. _954900 |
|
| 245 | 1 | 3 |
_aLa segunda generación poética de posguerra / _cJosé Luis García Martín. |
| 260 |
_aBadajoz : _bDepartamento de Publicaciones de la Diputación, _c1986. |
||
| 300 |
_a360 p. : _bil., fot. ; _c24 cm. |
||
| 490 | 1 |
_aRodríguez Moñino ; _v5 |
|
| 504 | _aBibliografía: p. 357-360. | ||
| 650 | 7 |
_aPoesía española- _yS.XX- _xHistoria y crítica. _916167 |
|
| 650 | 4 |
_aGeneración del 50 (Literatura) _9168743 |
|
| 710 | 1 |
_aBadajoz (Provincia). _bDiputación Provincial _92081 |
|
| 830 | 0 |
_aRodríguez Moñino ; _v5 _9224156 |
|
| 852 |
_aES-MaACL _9184081 _bR.145517 _jA-11026 _dOlim: N-4031 _cDEPO1 |
||
| 942 |
_2udc _cMONOGRAFIA |
||
| 999 |
_c177264 _d177264 |
||